La ciudad de dios : tomo 1 /
Guardado en:
| Autor Principal: | |
|---|---|
| Formato: | Libro |
| Publicado: |
Madrid :
Hernando,
1893
|
| Series: | Biblioteca clásica; No. 172
|
| Materias: | |
| Etiquetas: |
Agregar Etiqueta
Sin Etiquetas, Sea el primero en etiquetar este registro!
|
| LEADER | 00522nam a22001695a 4500 | ||
|---|---|---|---|
| 001 | CEM.cems000336 | ||
| 005 | 20061025153521.0 | ||
| 008 | 130507s1893##################000#0#####d | ||
| 003 | CEMS | ||
| 082 | 0 | 4 | |a 189 |
| 100 | 1 | |a Agustín, Santo | |
| 245 | 1 | 0 | |a La ciudad de dios : |b tomo 1 / |c Traducido Por José Cayetano Díaz de Beyral |
| 260 | |a Madrid : |b Hernando, |c 1893 | ||
| 300 | |a 390 p. | ||
| 490 | 0 | |a Biblioteca clásica; No. 172 | |
| 653 | |a Filosofía medieval | ||
| 859 | |a CEMS |b BIB. CEMS - 11 de abril |h 189 |i Ag97-1 |p 9522.81 |t Ej.1 |v 1 |3 1 | ||
